| 000 | 00920nam a2200217Ia 4500 | ||
|---|---|---|---|
| 001 | 2188 | ||
| 005 | 20260422120242.0 | ||
| 008 | 260306t2021||||xx |||||||||||||| ||spa|| | ||
| 041 | _aESP | ||
| 082 |
_a616.01 _bM97 |
||
| 100 |
_aMurray, Patrick R., _eAUT |
||
| 245 | 0 | _aMicrobiología médica | |
| 260 | _c2021 | ||
| 300 |
_aix, 854 páginas : _c28 cm. |
||
| 650 | _aGEN | ||
| 654 | _aCCS | ||
| 856 |
_uhttps://0u216xhg7-y-https-accessmedicina-mhmedical-com.itmsp.museknowledge.com/book.aspx?bookid=2955 _zVéase además: Jawetz, Melnick & Adelberg. Microbiología médica. Versión digital |
||
| 856 |
_uhttps://0u216xhg7-y-https-accessmedicina-mhmedical-com.itmsp.museknowledge.com/ _zVéase además: Base de datos McGraw Hill Access Medicina |
||
| 856 |
_uhttps://0u23fxho9-y-https-www-clinicalkey-com.itmsp.museknowledge.com/student/login _zVéase además: Base de datos ClinicalKey |
||
| 942 |
_cLIB _dJUS _fJUS _2ddc |
||
| 999 |
_c2188 _d2188 |
||